Conduct becoming saints: (Record no. 5781)

000 -LEADER
fixed length control field 00621nam a2200181 a 4500
001 - CONTROL NUMBER
control field :::00003523$&:&@@
003 - CONTROL NUMBER IDENTIFIER
control field OkBaRHE
005 - DATE AND TIME OF LATEST TRANSACTION
control field 20000607103306.0
008 - FIXED-LENGTH DATA ELEMENTS--GENERAL INFORMATION
fixed length control field s1978 j 000 0 eng u
040 ## - CATALOGING SOURCE
Transcribing agency
100 1# - MAIN ENTRY--PERSONAL NAME
Personal name Welch, W. Wilbert, 1918-
245 10 - TITLE STATEMENT
Title Conduct becoming saints:
Remainder of title the book of 1 Corinthians (part 1).
260 ## - PUBLICATION, DISTRIBUTION, ETC. (IMPRINT)
Place of publication, distribution, etc Schaumburg, IL., :
Name of publisher, distributor, etc Regular Baptist Press
Date of publication, distribution, etc c1978
300 ## - PHYSICAL DESCRIPTION
Extent 126 p. ;
Dimensions 18 cm.
650 ## - SUBJECT ADDED ENTRY--TOPICAL TERM
Topical term or geographic name as entry element Bible New Testament 1 Corinthians
General subdivision Study
-- Text-books
942 ## - ADDED ENTRY ELEMENTS (KOHA)
Source of classification or shelving scheme
Koha item type Books
Copies
Date last seen Source of classification or shelving scheme Copy number Full call number Permanent Location Withdrawn status Lost status Date acquired Shelving location Not for loan Damaged status Barcode Koha item type Price effective from
2018-04-03 1BS 2675.5 .W38RHEMA Bible Training College  2010-04-14General Stacks  3523Books2010-04-14